| 000 -LEADER |
| fixed length control field |
00331cam a22001097a 4500 |
| 008 - FIXED-LENGTH DATA ELEMENTS--GENERAL INFORMATION |
| fixed length control field |
180718b1959 xxu||||| |||| 00| 0 eng d |
| 082 ## - DEWEY DECIMAL CLASSIFICATION NUMBER |
| Classification number |
Loox5414 Or4t |
| 245 ## - TITLE STATEMENT |
| Title |
The Orissa treasury code |
| Statement of responsibility, etc. |
by Finance Department, Orissa |
| 260 ## - PUBLICATION, DISTRIBUTION, ETC. |
| Place of publication, distribution, etc. |
Cuttack |
| Name of publisher, distributor, etc. |
The Satyabadi Press |
| Date of publication, distribution, etc. |
1959 |
| 300 ## - PHYSICAL DESCRIPTION |
| Extent |
2v,275+p. |
| 700 ## - ADDED ENTRY--PERSONAL NAME |
| Personal name |
Orissa. Finance Department |